<?xml version="1.0" encoding="UTF-8"?>
<record
    xmlns:xsi="http://www.w3.org/2001/XMLSchema-instance"
    xsi:schemaLocation="http://www.loc.gov/MARC21/slim http://www.loc.gov/standards/marcxml/schema/MARC21slim.xsd"
    xmlns="http://www.loc.gov/MARC21/slim">

  <leader>01249nam a22002777a 4500</leader>
  <datafield tag="999" ind1=" " ind2=" ">
    <subfield code="c">118338</subfield>
    <subfield code="d">118338</subfield>
  </datafield>
  <controlfield tag="003">dpl</controlfield>
  <controlfield tag="005">20190111163524.0</controlfield>
  <controlfield tag="008">190111b           ||||| |||| 00| 0 eng d</controlfield>
  <datafield tag="010" ind1=" " ind2=" ">
    <subfield code="a">A-994807, A-994811</subfield>
  </datafield>
  <datafield tag="020" ind1=" " ind2=" ">
    <subfield code="c">325.00</subfield>
    <subfield code="a">8186803686</subfield>
  </datafield>
  <datafield tag="035" ind1=" " ind2=" ">
    <subfield code="a">A-994807, A-994811</subfield>
  </datafield>
  <datafield tag="037" ind1=" " ind2=" ">
    <subfield code="b">Cen Lib/Ret</subfield>
  </datafield>
  <datafield tag="040" ind1=" " ind2=" ">
    <subfield code="a">DPL</subfield>
    <subfield code="b">HN</subfield>
    <subfield code="c">0</subfield>
  </datafield>
  <datafield tag="082" ind1=" " ind2=" ">
    <subfield code="a">420</subfield>
    <subfield code="b">&#x930;&#x924;&#x94D;&#x924;&#x942;&#x915;&#x943; </subfield>
  </datafield>
  <datafield tag="100" ind1=" " ind2=" ">
    <subfield code="a">&#x930;&#x924;&#x94D;&#x924;&#x942;, &#x915;&#x943;&#x937;&#x94D;&#x923; &#x915;&#x941;&#x92E;&#x93E;&#x930; </subfield>
    <subfield code="9">79603</subfield>
  </datafield>
  <datafield tag="245" ind1=" " ind2=" ">
    <subfield code="a">&#x935;&#x94D;&#x92F;&#x93E;&#x935;&#x939;&#x93E;&#x930;&#x93F;&#x915; &#x939;&#x93F;&#x902;&#x926;&#x940; :</subfield>
    <subfield code="c">&#x915;&#x943;&#x937;&#x94D;&#x923; &#x915;&#x941;&#x92E;&#x93E;&#x930; &#x930;&#x924;&#x94D;&#x924;&#x942; </subfield>
    <subfield code="b">&#x928;&#x92F;&#x940; &#x92D;&#x93E;&#x937;&#x93E; &#x938;&#x902;&#x930;&#x91A;&#x928;&#x93E; /</subfield>
  </datafield>
  <datafield tag="246" ind1=" " ind2=" ">
    <subfield code="a">Vyavaharik hindi : nayi bhasha sanrachana /</subfield>
    <subfield code="b">by Krishan Kumar Rattoo</subfield>
  </datafield>
  <datafield tag="260" ind1=" " ind2=" ">
    <subfield code="a">&#x91C;&#x92F;&#x92A;&#x941;&#x930; </subfield>
    <subfield code="b">&#x928;&#x947;&#x936;&#x928;&#x932; &#x92A;&#x92C;&#x94D;&#x932;&#x93F;&#x936;&#x93F;&#x902;&#x917; &#x939;&#x93E;&#x909;&#x938; </subfield>
    <subfield code="c">2000</subfield>
  </datafield>
  <datafield tag="270" ind1=" " ind2=" ">
    <subfield code="b">&#x91C;&#x92F;&#x92A;&#x941;&#x930; </subfield>
    <subfield code="a">377, &#x91A;&#x94C;&#x921;&#x93C;&#x93E; &#x930;&#x93E;&#x938;&#x94D;&#x924;&#x93E; </subfield>
    <subfield code="e">302003</subfield>
  </datafield>
  <datafield tag="300" ind1=" " ind2=" ">
    <subfield code="a">vi,253&#x92A;&#x943;.</subfield>
    <subfield code="c">20&#x938;&#x947;&#x92E;&#x940;(&#x938;&#x91C;&#x93F;&#x932;&#x94D;&#x926; ) </subfield>
  </datafield>
  <datafield tag="650" ind1=" " ind2=" ">
    <subfield code="a">&#x939;&#x93F;&#x928;&#x94D;&#x926;&#x940; --&#x92D;&#x93E;&#x937;&#x93E; </subfield>
    <subfield code="x"> </subfield>
    <subfield code="z"> </subfield>
    <subfield code="9">79604</subfield>
  </datafield>
  <datafield tag="650" ind1=" " ind2=" ">
    <subfield code="a">&#x939;&#x93F;&#x928;&#x94D;&#x926;&#x940; --&#x92D;&#x93E;&#x937;&#x93E;--&#x92D;&#x93E;&#x937;&#x93E; &#x938;&#x902;&#x930;&#x91A;&#x928;&#x93E; </subfield>
    <subfield code="9">79605</subfield>
  </datafield>
  <datafield tag="650" ind1=" " ind2=" ">
    <subfield code="a">Hindi--bhasha</subfield>
    <subfield code="9">43966</subfield>
  </datafield>
  <datafield tag="650" ind1=" " ind2=" ">
    <subfield code="a">Hindi--bhasha--Language Structure</subfield>
    <subfield code="9">79606</subfield>
  </datafield>
  <datafield tag="942" ind1=" " ind2=" ">
    <subfield code="2">ddc</subfield>
    <subfield code="c">HN</subfield>
    <subfield code="h">420</subfield>
    <subfield code="m">&#x930;&#x924;&#x94D;&#x924;&#x942;&#x915;&#x943; </subfield>
  </datafield>
  <datafield tag="952" ind1=" " ind2=" ">
    <subfield code="0">0</subfield>
    <subfield code="1">0</subfield>
    <subfield code="4">0</subfield>
    <subfield code="7">0</subfield>
    <subfield code="a">L</subfield>
    <subfield code="b">L</subfield>
    <subfield code="d">2015-09-11</subfield>
    <subfield code="e">Cen Lib/Ref</subfield>
    <subfield code="g">325.00</subfield>
    <subfield code="l">0</subfield>
    <subfield code="o">420 &#x930;&#x924;&#x94D;&#x924;&#x942;&#x915;&#x943;</subfield>
    <subfield code="p">A-994807</subfield>
    <subfield code="r">2015-09-11 00:00:00</subfield>
    <subfield code="t">1</subfield>
    <subfield code="v">325.00</subfield>
    <subfield code="w">2015-09-11</subfield>
    <subfield code="y">HN</subfield>
  </datafield>
  <datafield tag="952" ind1=" " ind2=" ">
    <subfield code="0">0</subfield>
    <subfield code="1">0</subfield>
    <subfield code="2">ddc</subfield>
    <subfield code="4">0</subfield>
    <subfield code="7">0</subfield>
    <subfield code="8">NFIC</subfield>
    <subfield code="a">BL4</subfield>
    <subfield code="b">BL4</subfield>
    <subfield code="d">2019-01-11</subfield>
    <subfield code="e">BPPD/PUB</subfield>
    <subfield code="g">325.00</subfield>
    <subfield code="l">1</subfield>
    <subfield code="m">1</subfield>
    <subfield code="o">420 &#x930;&#x924;&#x94D;&#x924;&#x942;&#x915;&#x943;</subfield>
    <subfield code="p">A-994811</subfield>
    <subfield code="r">2023-10-27 00:00:00</subfield>
    <subfield code="s">2023-09-27</subfield>
    <subfield code="v">325.00</subfield>
    <subfield code="w">2019-01-11</subfield>
    <subfield code="y">HN</subfield>
  </datafield>
</record>
